[Event "Montreal op U2000"]
[Site "Montreal CAN"]
[Date "2011.09.11"]
[Round "4"]
[White "Nikulich, Oleksandr"]
[Black "Baril Boudreau, Felix"]
[Result "1-0"]
[WhiteElo "1932"]
[BlackElo "1525"]
[PlyCount "109"]
[GameId "2160767909648560"]
[EventDate "2011.09.09"]
[EventType "swiss"]
[EventRounds "5"]
[EventCountry "CAN"]
[SourceTitle "EXT 2022"]
[Source "ChessBase"]
[SourceDate "2021.10.06"]
[SourceVersion "1"]
[SourceVersionDate "2021.10.06"]
[SourceQuality "1"]

1. e4 d5 2. exd5 Nf6 3. Bc4 Nxd5 4. Nf3 Nb6 5. Bb3 c5 6. Qe2 Bf5 7. d3 e6 8. Nc3 Nc6 9. a3 Nd4 10. Nxd4 cxd4 11. Ne4 Be7 12. O-O O-O 13. f4 a5 14. g4 a4 15. Ba2 Bxe4 16. Qxe4 Rc8 17. Rf2 Qc7 18. g5 Qc6 19. Qe2 Bd6 20. h4 Rfe8 21. h5 Qb5 22. Qg4 Qf5 23. Qxf5 exf5 24. g6 hxg6 25. hxg6 Re1+ 26. Kg2 Kf8 27. gxf7 Rc7 28. b4 axb3 29. Bxb3 Be7 30. a4 Nc8 31. Bb2 Rxa1 32. Bxa1 Bc5 33. Re2 Re7 34. Re5 b6 35. c3 dxc3 36. Bxc3 Nd6 37. Rxe7 Kxe7 38. Bxg7 Nxf7 39. Bxf7 Kxf7 40. Be5 Ke6 41. Kf3 Kd5 42. Ke2 Bb4 43. Kd1 Ba5 44. Kc2 Kc5 45. Bc3 Bb4 46. Kb3 Ba5 47. Bxa5 bxa5 48. Kc3 Kd5 49. d4 Ke4 50. Kc4 Kxf4 51. d5 Ke5 52. Kc5 f4 53. d6 Ke6 54. Kc6 f3 55. d7 1-0

[Event "Montreal op U2000"]
[Site "Montreal CAN"]
[Date "2011.09.11"]
[Round "4"]
[White "Paduano, Gennaro"]
[Black "Haussler, Daniel"]
[Result "0-1"]
[WhiteElo "1956"]
[BlackElo "1952"]
[PlyCount "86"]
[GameId "2160767909648561"]
[EventDate "2011.09.09"]
[EventType "swiss"]
[EventRounds "5"]
[EventCountry "CAN"]
[SourceTitle "EXT 2022"]
[Source "ChessBase"]
[SourceDate "2021.10.06"]
[SourceVersion "1"]
[SourceVersionDate "2021.10.06"]
[SourceQuality "1"]

1. e4 c5 2. Nc3 Nc6 3. f4 e5 4. Nf3 d6 5. fxe5 Nxe5 6. Bb5+ Bd7 7. Bxd7+ Qxd7 8. d3 Ne7 9. O-O f6 10. Nxe5 dxe5 11. Be3 b6 12. a4 Rc8 13. b3 a6 14. Qe2 Qe6 15. Qf2 Rc6 16. a5 b5 17. Bxc5 Ng6 18. Bxf8 Rxf8 19. Nd5 Kf7 20. c4 bxc4 21. dxc4 Kg8 22. Qe2 Rfc8 23. Rac1 Qd6 24. b4 Nf4 25. Rxf4 exf4 26. c5 Qe5 27. Qc4 Kh8 28. Rf1 g5 29. Qd3 Re8 30. Nc3 Rcc8 31. Rd1 Rb8 32. Qd4 Red8 33. Qxd8+ Rxd8 34. Rxd8+ Kg7 35. Rd7+ Kh6 36. Rd3 f5 37. Rd6+ Kh5 38. Nd5 fxe4 39. h3 Kh4 40. Nf6 f3 41. Nxe4 Qxe4 42. Kh2 Qf4+ 43. Kg1 Kg3 0-1

[Event "Montreal op U2000"]
[Site "Montreal CAN"]
[Date "2011.09.11"]
[Round "4"]
[White "Pichette, Mickaelin"]
[Black "Turcotte, Jonathan"]
[Result "0-1"]
[WhiteElo "1813"]
[BlackElo "1982"]
[PlyCount "48"]
[GameId "2160767909648562"]
[EventDate "2011.09.09"]
[EventType "swiss"]
[EventRounds "5"]
[EventCountry "CAN"]
[SourceTitle "EXT 2022"]
[Source "ChessBase"]
[SourceDate "2021.10.06"]
[SourceVersion "1"]
[SourceVersionDate "2021.10.06"]
[SourceQuality "1"]

1. Nf3 d5 2. d4 Nf6 3. c4 c6 4. cxd5 cxd5 5. Nc3 Nc6 6. g3 Bf5 7. a3 e6 8. Bg2 h6 9. O-O Be7 10. Ne5 O-O 11. Nxc6 bxc6 12. b4 a5 13. b5 Qb6 14. bxc6 Qxc6 15. Bd2 Rfc8 16. f3 Qc4 17. Be1 Rd8 18. Qd2 Rab8 19. Rd1 Rb3 20. Rf2 Rxa3 21. e4 dxe4 22. fxe4 Bg4 23. Bf1 Qxc3 24. Qf4 Qe3 0-1

[Event "Montreal op U2000"]
[Site "Montreal CAN"]
[Date "2011.09.11"]
[Round "4"]
[White "Scheele, Markus"]
[Black "Ramaswamy, Kiran"]
[Result "1-0"]
[WhiteElo "1800"]
[BlackElo "1963"]
[PlyCount "79"]
[GameId "2160767909648563"]
[EventDate "2011.09.09"]
[EventType "swiss"]
[EventRounds "5"]
[EventCountry "CAN"]
[SourceTitle "EXT 2022"]
[Source "ChessBase"]
[SourceDate "2021.10.06"]
[SourceVersion "1"]
[SourceVersionDate "2021.10.06"]
[SourceQuality "1"]

1. d4 Nf6 2. Nf3 d6 3. c4 Nbd7 4. Nc3 c5 5. d5 e5 6. e4 Be7 7. g3 O-O 8. Bg2 Ne8 9. O-O g6 10. Bh6 Ng7 11. Ne1 f5 12. Nd3 Nf6 13. f4 Ng4 14. Bxg7 Kxg7 15. Qe2 Bf6 16. h3 Nh6 17. fxe5 dxe5 18. Nxc5 Qb6 19. N3a4 Qa5 20. a3 Rf7 21. b4 Qc7 22. Rad1 b6 23. Ne6+ Bxe6 24. dxe6 Re7 25. exf5 Rc8 26. g4 Qxc4 27. Qxc4 Rxc4 28. Nb2 Rc3 29. Rd3 Rc2 30. Nd1 gxf5 31. gxf5 Rc4 32. Ne3 Rf4 33. Nd5 Rxf1+ 34. Kxf1 Nxf5 35. Nxe7 Bxe7 36. Rf3 Kf6 37. h4 e4 38. Rf4 Bd6 39. e7 Bxf4 40. e8=Q 1-0

[Event "Montreal op U2000"]
[Site "Montreal CAN"]
[Date "2011.09.11"]
[Round "4"]
[White "Yu, Zong Yang"]
[Black "Munshi, Shawkat"]
[Result "1-0"]
[WhiteElo "1768"]
[BlackElo "1399"]
[PlyCount "73"]
[GameId "2160767909648564"]
[EventDate "2011.09.09"]
[EventType "swiss"]
[EventRounds "5"]
[EventCountry "CAN"]
[SourceTitle "EXT 2022"]
[Source "ChessBase"]
[SourceDate "2021.10.06"]
[SourceVersion "1"]
[SourceVersionDate "2021.10.06"]
[SourceQuality "1"]

1. d4 Nf6 2. c4 d5 3. cxd5 Nxd5 4. e4 Nb6 5. Nc3 g6 6. h3 Bg7 7. Nf3 O-O 8. Be2 Nc6 9. Be3 e5 10. dxe5 Nxe5 11. Nxe5 Bxe5 12. Qc2 Qe7 13. O-O Bd7 14. Bd3 Bc6 15. Rae1 Rfe8 16. Kh1 Rad8 17. f4 Bg7 18. Bc1 Qd6 19. Rd1 Qc5 20. f5 Qe5 21. Bf4 Qe7 22. Rfe1 g5 23. Bg3 Be5 24. Bf2 Qf6 25. Qe2 Kg7 26. Rc1 a6 27. a3 Qe7 28. Qc2 Nc4 29. Rb1 Nd6 30. Re2 h5 31. Rbe1 Qd7 32. Re3 Bf4 33. Rf3 Nxf5 34. g3 Be5 35. Kg2 Nd6 36. Rd1 Nxe4 37. Bxe4 1-0

[Event "Montreal op U2000"]
[Site "Montreal CAN"]
[Date "2011.09.11"]
[Round "5"]
[White "Morin, Louis"]
[Black "Girard, Sylvain"]
[Result "1-0"]
[WhiteElo "1861"]
[BlackElo "1605"]
[PlyCount "43"]
[GameId "2160767909648565"]
[EventDate "2011.09.09"]
[EventType "swiss"]
[EventRounds "5"]
[EventCountry "CAN"]
[SourceTitle "EXT 2022"]
[Source "ChessBase"]
[SourceDate "2021.10.06"]
[SourceVersion "1"]
[SourceVersionDate "2021.10.06"]
[SourceQuality "1"]

1. e4 c5 2. d4 cxd4 3. c3 dxc3 4. Nxc3 Nc6 5. Nf3 e6 6. Bc4 a6 7. O-O Qc7 8. Qe2 Nge7 9. Be3 Ng6 10. Rac1 Be7 11. Bb3 Qb8 12. Na4 Bd8 13. Nb6 Bxb6 14. Bxb6 O-O 15. Rfd1 d6 16. Qd2 Bd7 17. Qxd6 Qxd6 18. Rxd6 Bc8 19. h3 h6 20. g3 Re8 21. Rcd1 e5 22. Rxg6 1-0

[Event "National Capital op"]
[Site "Ottawa CAN"]
[Date "2011.12.09"]
[Round "1"]
[White "Pacey, Kevin"]
[Black "Sadeghi, Saeid"]
[Result "1-0"]
[WhiteElo "2271"]
[BlackElo "2055"]
[PlyCount "127"]
[GameId "2160767909573326"]
[EventDate "2011.12.09"]
[EventType "swiss"]
[EventRounds "5"]
[EventCountry "CAN"]
[SourceTitle "EXT 2022"]
[Source "ChessBase"]
[SourceDate "2021.10.06"]
[SourceVersion "1"]
[SourceVersionDate "2021.10.06"]
[SourceQuality "1"]

1. c4 c6 2. e4 d5 3. exd5 cxd5 4. cxd5 Nf6 5. Bb5+ Nbd7 6. Nc3 g6 7. d6 e6 8. d4 Bxd6 9. Nf3 O-O 10. Bh6 Re8 11. O-O a6 12. Bd3 b5 13. Ne4 Nxe4 14. Bxe4 Rb8 15. Bg5 f6 16. Bd2 Bb7 17. Re1 Bxe4 18. Rxe4 Nb6 19. Ba5 Bc7 20. Qe2 Nd5 21. Bxc7 Nxc7 22. Rc1 Rc8 23. Rc5 Qd7 24. Qc2 Nd5 25. a3 b4 26. axb4 Nxb4 27. Qb3 Nd5 28. Re1 Rb8 29. Qa3 Rb6 30. Nd2 Rc8 31. Rec1 Rxc5 32. dxc5 Qc6 33. cxb6 Qxc1+ 34. Nf1 Qc6 35. Qxa6 Qxb6 36. Qxb6 Nxb6 37. f4 Kf7 38. Kf2 Nd5 39. g3 Ke7 40. Ne3 Nb4 41. Nc4 h5 42. Ke3 h4 43. gxh4 Kd7 44. h3 Nd5+ 45. Ke4 Nb4 46. Ne3 Kc6 47. Kd4 Kd6 48. Kc4 Nc6 49. b4 e5 50. f5 gxf5 51. Nxf5+ Ke6 52. Ne3 f5 53. b5 Nb8 54. h5 f4 55. Ng4 Kf5 56. h6 Kg6 57. Nxe5+ Kxh6 58. Kd5 Kg5 59. Kd6 Kf5 60. Ng4 f3 61. Kc7 Kf4 62. Kxb8 Kg3 63. b6 Kxh3 64. Ne3 1-0

[Event "National Capital op"]
[Site "Ottawa CAN"]
[Date "2011.12.09"]
[Round "1"]
[White "Smilovici, Emil"]
[Black "Upper, John"]
[Result "0-1"]
[WhiteElo "2030"]
[BlackElo "2202"]
[PlyCount "104"]
[GameId "2160767909573327"]
[EventDate "2011.12.09"]
[EventType "swiss"]
[EventRounds "5"]
[EventCountry "CAN"]
[SourceTitle "EXT 2022"]
[Source "ChessBase"]
[SourceDate "2021.10.06"]
[SourceVersion "1"]
[SourceVersionDate "2021.10.06"]
[SourceQuality "1"]

1. e4 e6 2. d4 d5 3. Nc3 Nf6 4. Bg5 Bb4 5. e5 h6 6. Bd2 Bxc3 7. bxc3 Ne4 8. Bd3 Nxd2 9. Qxd2 c5 10. Nf3 Nc6 11. O-O Qa5 12. Rfd1 b6 13. c4 Qxd2 14. Rxd2 Nxd4 15. Nxd4 cxd4 16. cxd5 exd5 17. Bb5+ Bd7 18. Bxd7+ Kxd7 19. Rxd4 Ke6 20. Rad1 Rhd8 21. f4 g5 22. g3 gxf4 23. gxf4 Rac8 24. R1d2 Rg8+ 25. Kf2 Rc5 26. R4d3 Ra5 27. a3 Rg4 28. Kf3 Kf5 29. Rd4 Rxa3+ 30. R2d3 Ra1 31. Rxd5 Rf1+ 32. Ke2 Rgxf4 33. Rd7 R1f2+ 34. Ke1 Ke4 35. Rxa7 Rxh2 36. Ra4+ Kxe5 37. Rxf4 Kxf4 38. Rd6 Rxc2 39. Rxb6 Kg5 40. Kf1 f5 41. Rb3 h5 42. Ra3 Kg4 43. Rb3 h4 44. Ra3 f4 45. Rb3 Ra2 46. Rc3 h3 47. Kg1 f3 48. Rc8 h2+ 49. Kh1 f2 50. Rg8+ Kh5 51. Rh8+ Kg6 52. Kg2 Kg7 0-1

[Event "National Capital op"]
[Site "Ottawa CAN"]
[Date "2011.12.10"]
[Round "2"]
[White "Marghetis, Aris"]
[Black "Hamilton, Robert"]
[Result "0-1"]
[WhiteElo "1980"]
[BlackElo "2344"]
[PlyCount "64"]
[GameId "2160767909573328"]
[EventDate "2011.12.09"]
[EventType "swiss"]
[EventRounds "5"]
[EventCountry "CAN"]
[SourceTitle "EXT 2022"]
[Source "ChessBase"]
[SourceDate "2021.10.06"]
[SourceVersion "1"]
[SourceVersionDate "2021.10.06"]
[SourceQuality "1"]

1. e4 c5 2. Nc3 e6 3. g3 Nc6 4. Bg2 g6 5. d3 Bg7 6. Be3 d6 7. f4 Nge7 8. Nf3 O-O 9. O-O b6 10. d4 Ba6 11. Rf2 Qc7 12. Rd2 Rfd8 13. Bf1 Bxf1 14. Qxf1 cxd4 15. Nxd4 Na5 16. Ncb5 Qb7 17. Qd3 d5 18. exd5 Nxd5 19. Bf2 Rac8 20. c3 Nc4 21. Re2 a6 22. b3 axb5 23. bxc4 Nxc3 24. Qxc3 Rxc4 25. Qb3 Bxd4 26. Qxb5 Rc5 27. Qb1 Bxa1 28. Bxc5 Qf3 29. Qxa1 Qxe2 30. Bd4 b5 31. a3 h6 32. Qc3 Qd1+ 0-1

[Event "National Capital op"]
[Site "Ottawa CAN"]
[Date "2011.12.10"]
[Round "2"]
[White "Upper, John"]
[Black "Pacey, Kevin"]
[Result "0-1"]
[WhiteElo "2202"]
[BlackElo "2271"]
[PlyCount "54"]
[GameId "2160767909573329"]
[EventDate "2011.12.09"]
[EventType "swiss"]
[EventRounds "5"]
[EventCountry "CAN"]
[SourceTitle "EXT 2022"]
[Source "ChessBase"]
[SourceDate "2021.10.06"]
[SourceVersion "1"]
[SourceVersionDate "2021.10.06"]
[SourceQuality "1"]

1. d4 e6 2. e4 d5 3. e5 Bd7 4. Nf3 a6 5. c4 dxc4 6. Bxc4 Bb5 7. Bxb5+ axb5 8. O-O Ne7 9. Nc3 b4 10. Ne4 Nbc6 11. b3 Qd5 12. Qe2 Nf5 13. Bb2 h5 14. Ng3 Nxg3 15. fxg3 Be7 16. Kh1 g6 17. Qf2 O-O-O 18. Rad1 g5 19. Qe3 h4 20. g4 h3 21. g3 f5 22. gxf5 exf5 23. Kg1 f4 24. gxf4 gxf4 25. Qxf4 Rhg8+ 26. Kh1 Rdf8 27. Qe3 Rg2 0-1

[Event "National Capital op"]
[Site "Ottawa CAN"]
[Date "2011.12.10"]
[Round "3"]
[White "Marinkovic, Mate"]
[Black "Hamilton, Robert"]
[Result "0-1"]
[WhiteElo "2085"]
[BlackElo "2344"]
[PlyCount "54"]
[GameId "2160767909573330"]
[EventDate "2011.12.09"]
[EventType "swiss"]
[EventRounds "5"]
[EventCountry "CAN"]
[SourceTitle "EXT 2022"]
[Source "ChessBase"]
[SourceDate "2021.10.06"]
[SourceVersion "1"]
[SourceVersionDate "2021.10.06"]
[SourceQuality "1"]

1. c4 Nf6 2. g3 g6 3. Bg2 Bg7 4. Nc3 c5 5. e4 d6 6. Nge2 Nc6 7. d3 Nd4 8. h3 O-O 9. O-O Nd7 10. f4 e6 11. Rb1 Rb8 12. Be3 a6 13. a4 f5 14. Bf2 Qc7 15. Nxd4 cxd4 16. Ne2 e5 17. b4 a5 18. bxa5 Qxa5 19. Be1 Qa6 20. exf5 gxf5 21. Bb4 Nf6 22. a5 Bd7 23. Kh2 Bc6 24. Bxc6 Qxc6 25. fxe5 dxe5 26. Bc5 Qxc5 27. Rb5 Qe7 0-1

[Event "National Capital op"]
[Site "Ottawa CAN"]
[Date "2011.12.11"]
[Round "4"]
[White "Hamilton, Robert"]
[Black "Pacey, Kevin"]
[Result "1-0"]
[WhiteElo "2344"]
[BlackElo "2271"]
[PlyCount "85"]
[GameId "2160767909573332"]
[EventDate "2011.12.09"]
[EventType "swiss"]
[EventRounds "5"]
[EventCountry "CAN"]
[SourceTitle "EXT 2022"]
[Source "ChessBase"]
[SourceDate "2021.10.06"]
[SourceVersion "1"]
[SourceVersionDate "2021.10.06"]
[SourceQuality "1"]

1. d4 d5 2. c4 e6 3. Nc3 Be7 4. Nf3 Nf6 5. Bg5 O-O 6. e3 Nbd7 7. Rc1 dxc4 8. Bxc4 a6 9. a4 c5 10. O-O cxd4 11. exd4 Nb6 12. Bd3 Nbd5 13. Ne5 h6 14. Bh4 Nb4 15. Bb1 Nh7 16. Bg3 Bd7 17. d5 exd5 18. Nxd5 Nxd5 19. Qxd5 Nf6 20. Qxb7 Bxa4 21. Nc6 Bxc6 22. Qxc6 Qd4 23. Qc2 Rad8 24. Rfd1 Qb4 25. Be5 Rxd1+ 26. Rxd1 Rd8 27. Bc3 Rxd1+ 28. Qxd1 Qb6 29. Qf3 Qb3 30. Qa8+ Bf8 31. Qxa6 Nd5 32. Qd3 g6 33. Bd4 Qb4 34. g3 Bc5 35. Bxc5 Qxc5 36. Ba2 Ne7 37. Qc4 Qf5 38. b4 h5 39. b5 Nc8 40. Qc7 Kg7 41. b6 Qf6 42. b7 Qa1+ 43. Kg2 1-0

[Event "National Capital op"]
[Site "Ottawa CAN"]
[Date "2011.12.11"]
[Round "5"]
[White "Marghetis, Aris"]
[Black "Kalra, Agastya"]
[Result "1-0"]
[WhiteElo "1980"]
[BlackElo "2007"]
[PlyCount "49"]
[GameId "2160767909573333"]
[EventDate "2011.12.09"]
[EventType "swiss"]
[EventRounds "5"]
[EventCountry "CAN"]
[SourceTitle "EXT 2022"]
[Source "ChessBase"]
[SourceDate "2021.10.06"]
[SourceVersion "1"]
[SourceVersionDate "2021.10.06"]
[SourceQuality "1"]

1. e4 c5 2. Nc3 Nc6 3. g3 g6 4. Bg2 Bg7 5. d3 d6 6. f4 e5 7. Nh3 Nge7 8. O-O Nd4 9. f5 gxf5 10. exf5 Nexf5 11. Nd5 Be6 12. c3 Nc6 13. Ng5 Qd7 14. Nxe6 fxe6 15. Qh5+ Kd8 16. Bg5+ Kc8 17. Bh3 h6 18. Bf6 Bxf6 19. Rxf5 Be7 20. Rf7 b6 21. Qg6 Kb7 22. Bxe6 Qe8 23. Nxe7 Nd8 24. Bd5+ Kb8 25. Qxd6# 1-0

[Event "National Capital op"]
[Site "Ottawa CAN"]
[Date "2011.12.11"]
[Round "5"]
[White "Pacey, Kevin"]
[Black "Peng, Jackie"]
[Result "1-0"]
[WhiteElo "2271"]
[BlackElo "2098"]
[PlyCount "79"]
[GameId "2160767909573334"]
[EventDate "2011.12.09"]
[EventType "swiss"]
[EventRounds "5"]
[EventCountry "CAN"]
[SourceTitle "EXT 2022"]
[Source "ChessBase"]
[SourceDate "2021.10.06"]
[SourceVersion "1"]
[SourceVersionDate "2021.10.06"]
[SourceQuality "1"]

1. e4 c5 2. c3 Nf6 3. e5 Nd5 4. d4 cxd4 5. Nf3 Nc6 6. cxd4 d6 7. exd6 e6 8. Bd3 Bxd6 9. O-O O-O 10. Nc3 Nxc3 11. bxc3 Be7 12. Qe2 Bf6 13. Rd1 Qc7 14. Qe4 g6 15. Bg5 Bg7 16. Rac1 e5 17. Qh4 Be6 18. d5 Bxd5 19. Bxg6 fxg6 20. Rxd5 Rae8 21. Qe4 Rf7 22. Be3 Ne7 23. Rc5 Qd6 24. Ng5 Rf4 25. Qxb7 Rb8 26. Qc7 Qxc7 27. Rxc7 Nd5 28. Bxa7 Rb2 29. Rxg7+ Kxg7 30. Ne6+ Kf6 31. Nxf4 Nxf4 32. Ra1 Ne2+ 33. Kf1 Nxc3 34. a3 Ke6 35. g3 Kd5 36. a4 Kc4 37. a5 Kb5 38. Bb8 Ne4 39. a6 Rxf2+ 40. Kg1 1-0

[Event "National Capital op U2000"]
[Site "Ottawa CAN"]
[Date "2011.12.10"]
[Round "3"]
[White "Dunne, Francesco"]
[Black "Yang, Ryan2"]
[Result "0-1"]
[WhiteElo "1828"]
[BlackElo "1866"]
[PlyCount "52"]
[GameId "2160767909573335"]
[EventDate "2011.12.09"]
[EventType "swiss"]
[EventRounds "5"]
[EventCountry "CAN"]

1. e4 c5 2. Nf3 d6 3. d4 cxd4 4. Nxd4 Nf6 5. Nc3 g6 6. Be3 Bg7 7. f3 O-O 8. Qd2 Nc6 9. Bc4 Bd7 10. O-O-O Rc8 11. Bb3 Ne5 12. g4 Nc4 13. Bxc4 Rxc4 14. Kb1 Qc7 15. h4 Rc8 16. h5 a6 17. hxg6 fxg6 18. Nd5 Nxd5 19. exd5 Qb6 20. b3 Rc3 21. Nf5 Bxf5 22. Bxb6 Bxc2+ 23. Kc1 Bxb3+ 24. Kb1 Bc2+ 25. Kc1 Be4+ 26. Kb2 Rd3+ 0-1

[Event "Nova Scotia op"]
[Site "Halifax CAN"]
[Date "2011.05.20"]
[Round "1"]
[White "Gilks, Jim"]
[Black "Kenney, Jason"]
[Result "1/2-1/2"]
[WhiteElo "1803"]
[BlackElo "2144"]
[PlyCount "74"]
[GameId "2160767909704309"]
[EventDate "2011.05.20"]
[EventType "swiss"]
[EventRounds "8"]
[EventCountry "CAN"]

1. d4 Nf6 2. c4 g6 3. Nc3 d5 4. cxd5 Nxd5 5. e4 Nxc3 6. bxc3 c5 7. Nf3 Bg7 8. Be3 Nc6 9. Bb5 Qa5 10. Bxc6+ bxc6 11. Qd2 Ba6 12. Ne5 O-O 13. Nd7 Rfe8 14. Nxc5 Bc4 15. f4 Rab8 16. Kf2 f6 17. Rhb1 e5 18. Rxb8 Rxb8 19. Qc2 Qc7 20. g3 Qc8 21. Kg2 f5 22. dxe5 fxe4 23. Kg1 Qg4 24. Qg2 Rd8 25. h3 Rd1+ 26. Rxd1 Qxd1+ 27. Kh2 Be2 28. Qg1 Qc2 29. Qf2 Bf8 30. Nxe4 Qxe4 31. Qxe2 Bc5 32. Qd2 Qxe3 33. Qd8+ Bf8 34. Qf6 Qf2+ 35. Kh1 Qxg3 36. Qe6+ Kg7 37. Qf6+ Kg8 1/2-1/2

[Event "Nova Scotia op"]
[Site "Halifax CAN"]
[Date "2011.05.20"]
[Round "2"]
[White "Kenney, Jason"]
[Black "Gonzalez Cueto, Jose"]
[Result "1/2-1/2"]
[Annotator "Kenney, J."]
[WhiteElo "2144"]
[BlackElo "2023"]
[PlyCount "61"]
[GameId "2160767909704310"]
[EventDate "2011.05.20"]
[EventType "swiss"]
[EventRounds "8"]
[EventCountry "CAN"]

1. d4 Nf6 2. c4 e6 3. Nf3 Bb4+ 4. Bd2 Bxd2+ 5. Nbxd2 d5 6. e3 Nbd7 7. Bd3 O-O 8. cxd5 exd5 9. Qc2 Re8 10. O-O c6 11. b4 Qe7 12. Rab1 Ne4 13. Nb3 a6 14. a4 h6 15. Rfc1 Ng5 16. Ne1 Nf6 17. b5 axb5 18. axb5 Bd7 19. Nc5 Bc8 20. bxc6 bxc6 21. Bf5 Nge4 22. Bxc8 Rexc8 23. Nxe4 Nxe4 24. Nd3 Qe6 25. Nb4 Ra3 26. Qb2 Ra5 27. Ra1 Rb5 28. Qa3 c5 29. dxc5 Rbxc5 30. f3 Nc3 31. Re1 1/2-1/2

[Event "Nova Scotia op"]
[Site "Halifax CAN"]
[Date "2011.05.21"]
[Round "3"]
[White "Kenney, Jason"]
[Black "Newman, Eric"]
[Result "1-0"]
[Annotator "Kenney, J."]
[WhiteElo "2144"]
[BlackElo "1823"]
[PlyCount "53"]
[GameId "2160767909704311"]
[EventDate "2011.05.20"]
[EventType "swiss"]
[EventRounds "8"]
[EventCountry "CAN"]

1. d4 Nf6 2. c4 e5 3. dxe5 Ne4 4. Qd5 Bb4+ 5. Bd2 Bxd2+ 6. Nxd2 Nxd2 7. Qxd2 Nc6 8. Nf3 Qe7 9. e3 Nxe5 10. Nd4 d6 11. Be2 Bd7 12. f4 Ng4 13. Bxg4 Bxg4 14. O-O Bd7 15. Rae1 O-O-O 16. b4 f5 17. b5 Kb8 18. Rb1 b6 19. a4 Rhe8 20. Rb3 Qe4 21. a5 Kb7 22. Ra1 Ra8 23. Rba3 h6 24. Qa2 Reb8 25. axb6 cxb6 26. Rxa7+ Kc8 27. Rxa8 1-0

[Event "Nova Scotia op"]
[Site "Halifax CAN"]
[Date "2011.05.21"]
[Round "4"]
[White "Martin, Brendan"]
[Black "Kenney, Jason"]
[Result "0-1"]
[Annotator "Kenney, J."]
[WhiteElo "2021"]
[BlackElo "2144"]
[PlyCount "44"]
[GameId "2160767909704312"]
[EventDate "2011.05.20"]
[EventType "swiss"]
[EventRounds "8"]
[EventCountry "CAN"]

1. e4 c5 2. c3 Nf6 3. e5 Nd5 4. d4 cxd4 5. Nf3 e6 6. cxd4 b6 7. Nc3 Nxc3 8. bxc3 Qc7 9. Bd2 Bb7 10. Bd3 d6 11. O-O Nd7 12. Re1 dxe5 13. Nxe5 Nxe5 14. Rxe5 Bd6 15. Rh5 g6 16. Rh3 Qc6 17. Qg4 O-O-O 18. f3 f5 19. Qg5 e5 20. dxe5 Bc5+ 21. Be3 Rxd3 22. Bd4 Rxd4 0-1

[Event "Nova Scotia op"]
[Site "Halifax CAN"]
[Date "2011.05.22"]
[Round "6"]
[White "Cashin, Ken"]
[Black "McKay, Brian"]
[Result "0-1"]
[WhiteElo "1683"]
[BlackElo "1941"]
[PlyCount "82"]
[GameId "2160767909704313"]
[EventDate "2011.05.20"]
[EventType "swiss"]
[EventRounds "8"]
[EventCountry "CAN"]

1. e4 g6 2. d4 Bg7 3. Nf3 c5 4. Nc3 Nc6 5. d5 Ne5 6. Be2 d6 7. h3 a6 8. O-O b5 9. Bf4 Nxf3+ 10. Bxf3 b4 11. Na4 Bd7 12. Nxc5 dxc5 13. e5 Ra7 14. Re1 Nh6 15. e6 fxe6 16. dxe6 Bb5 17. Qc1 Nf5 18. c4 bxc3 19. bxc3 O-O 20. a4 Be8 21. Rd1 Qc8 22. Rb1 Bxa4 23. Rb8 Qxb8 24. Bxb8 Rxb8 25. Qf4 Nd6 26. Qxa4 Bxc3 27. Qc6 Rc8 28. Qd5 a5 29. h4 a4 30. h5 a3 31. Qa2 Bd4 32. Rd3 Nb5 33. hxg6 Nc3 34. gxh7+ Kh8 35. Qc4 a2 36. Rxc3 a1=Q+ 37. Rc1 Qb2 38. Rf1 Ra1 39. Rxa1 Qxa1+ 40. Kh2 Bxf2 41. Qe4 Qf6 0-1

[Event "Nova Scotia op"]
[Site "Halifax CAN"]
[Date "2011.05.23"]
[Round "7"]
[White "Mayo, Alvah"]
[Black "Kenney, Jason"]
[Result "0-1"]
[Annotator "Kenney, J."]
[WhiteElo "2055"]
[BlackElo "2144"]
[PlyCount "100"]
[GameId "2160767909704314"]
[EventDate "2011.05.20"]
[EventType "swiss"]
[EventRounds "8"]
[EventCountry "CAN"]

1. e4 c5 2. Nf3 d6 3. c3 Nf6 4. Bd3 g6 5. O-O Bg7 6. Re1 O-O 7. Bc2 Nc6 8. d3 Bg4 9. h3 Bxf3 10. Qxf3 Nd7 11. Qg3 b5 12. Qh4 Nb6 13. Bh6 e6 14. Bg5 f6 15. Bh6 g5 16. Qh5 Qe8 17. Qxe8 Raxe8 18. Bxg7 Kxg7 19. a4 b4 20. a5 Nd7 21. Ba4 Rc8 22. d4 cxd4 23. cxd4 Ndb8 24. d5 exd5 25. exd5 Ne5 26. Nd2 Rc5 27. Bb3 f5 28. Ra4 Nbd7 29. Rxb4 Rxa5 30. Rb7 Rf7 31. Bc4 Nb6 32. Rxf7+ Kxf7 33. b3 Kf6 34. g3 Ra2 35. f4 gxf4 36. gxf4 Rxd2 37. fxe5+ dxe5 38. Ra1 Nxd5 39. Rxa7 Ne3 40. Rxh7 f4 41. h4 e4 42. Rf7+ Ke5 43. Re7+ Kf5 44. Rf7+ Kg4 45. h5 f3 46. h6 Kg3 47. Rg7+ Ng4 48. Rxg4+ Kxg4 49. h7 Kg3 50. h8=Q Rd1+ 0-1

[Event "Nova Scotia op"]
[Site "Halifax CAN"]
[Date "2011.05.23"]
[Round "8"]
[White "Felix, Chris"]
[Black "Kenney, Jason"]
[Result "0-1"]
[WhiteElo "1908"]
[BlackElo "2144"]
[PlyCount "62"]
[GameId "2160767909704315"]
[EventDate "2011.05.20"]
[EventType "swiss"]
[EventRounds "8"]
[EventCountry "CAN"]

1. d4 Nf6 2. c4 g6 3. Nc3 d5 4. cxd5 Nxd5 5. e4 Nxc3 6. bxc3 Bg7 7. Nf3 c5 8. Be3 Qa5 9. Qb3 O-O 10. Bc4 cxd4 11. Bxd4 Nc6 12. O-O Nxd4 13. cxd4 Rb8 14. Rab1 Bd7 15. Qb4 Qxb4 16. Rxb4 b5 17. Rfb1 Rb6 18. Be2 a5 19. R4b3 Rfb8 20. Rc1 b4 21. Rc7 R8b7 22. Rc5 a4 23. Rb1 b3 24. axb3 Rxb3 25. Ra1 Rb1+ 26. Rc1 Rxc1+ 27. Rxc1 Rb4 28. Bc4 Bh6 29. Rc2 Rb1+ 30. Bf1 Bb5 31. Nd2 Bxd2 0-1

[Event "Oasis op"]
[Site "Montreal CAN"]
[Date "2011.02.25"]
[Round "1"]
[White "Carter, David"]
[Black "Forget, David"]
[Result "1-0"]
[WhiteElo "2239"]
[BlackElo "1911"]
[PlyCount "33"]
[GameId "2160767909795749"]
[EventDate "2011.02.25"]
[EventType "swiss"]
[EventRounds "5"]
[EventCountry "CAN"]
[SourceTitle "EXT 2013"]
[Source "ChessBase"]
[SourceDate "2012.11.22"]
[SourceVersion "1"]
[SourceVersionDate "2012.11.22"]
[SourceQuality "1"]

1. e4 e6 2. d4 d5 3. Nc3 Bb4 4. exd5 exd5 5. Qf3 Nf6 6. Bg5 Be7 7. Bxf6 Bxf6 8. Nxd5 Bxd4 9. Qe4+ Be6 10. Qxd4 Qxd5 11. Qxg7 Rf8 12. Ne2 Nc6 13. Nc3 Qa5 14. O-O-O Bxa2 15. Bb5 Be6 16. Rhe1 a6 17. Rxe6+ 1-0